logo

Bir Sreshtho Munshi Abdur Rouf Library
Jhenaidah Cadet College

The Politics of American democracy / (Record no. 7481)

MARC details
000 -LEADER
fixed length control field 00680pam a2200265 4500
001 - CONTROL NUMBER
JCCL Control Number 7481
003 - CONTROL NUMBER IDENTIFIER
JCCL marc code BD-JhCC
005 - DATE AND TIME OF LATEST TRANSACTION
control field 20180305185945.0
008 - FIXED-LENGTH DATA ELEMENTS--GENERAL INFORMATION
fixed length control field 711024s1972 mau 000 0 eng
020 ## - INTERNATIONAL STANDARD BOOK NUMBER
International Standard Book Number 0262160536.
035 ## - SYSTEM CONTROL NUMBER
system control number (BD-JhCC)7481
040 ## - CATALOGING SOURCE
Original cataloging agency DLC
Transcribing agency DLC
Modifying agency DLC
-- BD-JhCC
041 ## - LANGUAGE CODE
Language code of Book eng
050 00 - LIBRARY OF CONGRESS CALL NUMBER
Classification number Q127.U6
Item number P55 1972
082 00 - DEWEY DECIMAL CLASSIFICATION NUMBER
Classification number 320.973
Author mark and Year CLI 1972
100 ## - MAIN ENTRY--PERSONAL NAME
Personal name Cliffs, Englewood
245 04 - TITLE STATEMENT
Title The Politics of American democracy /
Statement of responsibility, etc Englewood Cliffs
250 ## - EDITION STATEMENT
Edition statement 2nd ed.
260 ## - PUBLICATION, DISTRIBUTION, ETC. (IMPRINT)
Place of publication, distribution, etc Cambridge,
Name of publisher, distributor, etc MIT Press
Date of publication, distribution, etc [1972]
300 ## - PHYSICAL DESCRIPTION
Pagination viii, 658 p.
Dimensions 21 cm.
350 ## - PRICE (NR) (BK AM CF MU VM SE) [OBSOLETE]
Price $3.95
650 #0 - SUBJECT ADDED ENTRY--TOPICAL TERM
Topical term or geographic name as entry element Democracy
Geographic subdivision United States.
942 ## - ADDED ENTRY ELEMENTS (KOHA)
Source of classification or shelving scheme Dewey Decimal Classification
Koha item type Books
Holdings
Source of classification or shelving scheme Damaged status Not for loan Home library Current library Shelving location Total Checkouts Full call number Barcode Date last seen Copy number Koha item type
Dewey Decimal Classification     JCC Rouf Library JCC Rouf Library General Stacks   320.973 CLI 1972 10115 02/10/2018 C - 1 Books
Dewey Decimal Classification     JCC Rouf Library JCC Rouf Library General Stacks   320.973 CLI 1972 11930 03/05/2018 C - 2 Books

JCC Library | Contacts | JCC Home

Last Update on 23 September 2017
Copyright @ 2017-2020 JCC Rouf Library
Rouf Library, Jhenidah Cadet College (JCC), Bangladesh